Scream 1996 🔪❓ - Statistics

General Stats
  • This quiz has been taken 488 times
    478 since last reset
  • The average score is 8 of 15
Answer Stats
Hint Answer % Correct
Where does the movie take place? Woodsboro
88%
Who said this: "Can I be the helpless little victim?" Tatum
76%
How old is Dewey in the movie? 25
74%
What killed Stu Macher? TV
71%
Who does Sidney thinks killed her mother? Cotton Weary
68%
Who did he actually call? Sidney
65%
According to Billy, who did he call when he was arrested? His dad
64%
What is Randy's last name? Meeks
58%
Who did Stu date before dating Tatum? Casey Becker
57%
Who is the deputy chief Dewey Riley
56%
What's the name of Gale's cameraman? Kenny
55%
What did Gale say to Sidney before being punched in the face? I'll send you a copy
36%
With what famous TV show does Scream share a background song? Peaky Blinders
18%
Finish the quote: "You psychos have ___ __ __ ___ _____" Seen one too many movies
7%
And how did he die? Slashed throat
5%
No matching quizzes found
Score Distribution
Percent of People with Each Score
Percentile by Number Answered
Your Score History
You have not taken this quiz since the last reset